Transculturación narrativa en América Latina

Guardado en:
Detalles Bibliográficos
Autor principal: Rama, Angel (Autor)
Formato: Libro
Lenguaje:español
Publicado: Ciudad de México Siglo XXI 2004
Edición:4a. ed
Materias:
Etiquetas: Agregar Etiqueta
Sin Etiquetas, Sea el primero en etiquetar este registro!

MARC

LEADER 00000cam a2200000 a 4500
001 UCG2770
003 CL-VaPUC
008 100723e20040000mx |||||||||||||||||spa|d
020 |a 9682311098 
082 0 4 |a 860.9  |b RAM  |2 21 
100 0 |a Rama, Angel  |e author  |9 551381 
245 1 0 |a Transculturación narrativa en América Latina 
250 |a 4a. ed 
300 |a 305 p 
942 |c BK 
945 |d 20100723 00:00:00  |a mfarfan 
260 |a Ciudad de México  |b Siglo XXI  |c 2004 
650 0 |a Literatura latinoamericana  |9 309997 
650 0 |a Aculturación   |9 307938 
650 7 |a TRANSCULTURACION  |2 CL-VaPUC  |9 519127 
583 |a last modification  |c 20140813 02:32:15  |k Rodrigo Vera 
999 |c 341896  |d 341894 
952 |0 0  |1 0  |4 0  |6 860_900000000000000_RAM_2004  |7 0  |8 A  |9 437707  |a FDOPOS  |b BIBEDU  |d 2019-11-22  |i 4697375  |l 1  |o 860.9 RAM 2004  |p 4697375  |r 2025-01-22  |s 2024-09-12  |w 2019-11-22  |y BK  |k DLH